000
00204 a2200097 4500
001
7970
100
_a
Partridge, E
245
_a
Dictionary of abbreviations
260
_a
_b
Allen
_c
090
_c
6383
_d
6383
942
_a
NUST-CAE
_c
M
_c
32915
999
_c
243043
_d
243043